000 00802nam a2200205 a 4500
001 000038319
005 20201002031228.0
008 110412s1994 dr c 000 0 spa d
040 _aDO-SdBNP
_bspa
_cBNPHU
082 _axxx
_bC744p
111 1 _aConsurso literario 103 aniversario AMD
_d1994 sep. 28 :
_cSanto Domingo)
_964681
245 1 0 _aConsurso literario 103 aniversario AMD. /
_ceditores Santiago Casrto Ventura, Fernando Fernández.
246 1 4 _aEl médico en la literatura
_b(Consurso literario 103 aniversario AMD.)
260 _aSanto Domingo :
_bAsociación Médica Dominicana,
_c1994.
300 _a40 p. :
_bretr. ;
_c22 cm.
490 1 _aAMD-centenaria
_v6
700 1 _aCasrto Ventura, Santiago
_eed.
_964682
700 1 _aFernández, Fernando
_91840
830 0 _aAMD-centenaria
_n6
_964683
999 _c37809
_d37809